Langues officielles de l'Union Européenne - Statistiques

Statistiques générales
  • Ce quiz a été pris 108 fois
  • Le résultat moyen est 19 sur 24
Statistiques - réponses
Officiel en: Langue % Correct
Irlande, Malte Anglais / (english)
98%
Espagne Espagnol / (español)
96%
Belgique, France, Luxembourg Français
96%
Autriche, Belgique, Allemagne, Luxembourg Allemand / (deutsch)
95%
Italie Italien / (italiano)
95%
Portugal Portugais / (português)
91%
Belgique, Pays-Bas Néerlandais / (nederlands)
89%
Croatie Croate / (hrvatski)
88%
Chypre, Grèce Grec / (ελληνικά)
87%
Finlande, Suède Suédois / (svenska)
87%
Pologne Polonais / (polski)
84%
Danemark Danois / (dansk)
80%
Slovaquie Slovaque / (slovenčina)
80%
Roumanie Roumain / (română)
79%
République Tchèque Tchèque / (čeština)
76%
Finlande Finnois / (suomi)
74%
Estonie Estonien / (eesti keel)
73%
Slovénie Slovène / (slovenščina)
73%
Lettonie Letton / (latviešu valoda)
71%
Hongrie Hongrois / (magyar)
70%
Lituanie Lituanien / (lietuvių kalba)
69%
Bulgarie Bulgare / (български)
64%
Irlande Irlandais / (gaeilge)
55%
Malte Maltais / (malti)
49%
Aucun quiz correspondant
Distribution des résultats
% des personnes avec chaque résultat
Percentile par nombre de réponses
Votre historique - résultats
Vous n’avez pas pris ce quiz